Statistics for Lana Del Rey - The Grants Lyrics

Click here to take the quiz!

General Stats

  • This quiz has been taken 14 times
  • The average score is 182 of 212

Answer Stats

Answer% Correct
I
100%
(I
100%
I'm
100%
me
100%
me?
100%
mine
100%
My
100%
my
100%
of
100%
the
100%
us
100%
with
100%
you
100%
a
91%
but
91%
But
91%
for
91%
gonna
91%
Oh
91%
oh
91%
say
91%
so
91%
So
91%
take
91%
that
91%
to
91%
When
91%
when
91%
your
91%
about
82%
all
82%
chance
82%
dance
82%
do
82%
Do
82%
family
82%
Heaven?
82%
is
82%
leave
82%
memory
82%
once?
82%
Should
82%
there's
82%
think
82%
told
82%
You're
82%
Ah
73%
(Ah)
73%
ah
73%
And
73%
born
73%
child
73%
Denver
73%
Doin'
73%
doin'
73%
first
73%
grandmother's
73%
High"
73%
high
73%
it
73%
it)
73%
John
73%
Like
73%
man
73%
Mountain
73%
our
73%
pastor
73%
"Rocky
73%
sings
73%
sister's
73%
smile
73%
too
73%
wanna
73%
way
73%
Yeah
73%
beautiful
64%
climb
64%
hard
64%
(I'll
64%
I'll
64%
It's
64%
last
64%
life
64%
line
64%
long
64%
many
64%
memories
64%
mountains
64%
Remember
64%
rivers
64%
stuff
64%
time
64%
did
55%

Score Distribution

Percentile by Number Answered

Percent of People with Each Score

Your Score History

You have not taken this quiz